00293nam a2200133Ia 4500008004100000041000800041082001600049100001200065245002000077260002600097300000800123365001600131700001200147230718s9999 xx 000 0 und d aeng a900.54bKEA aKeay J. aIndia A History c2000bHarper Collings a576 cRs.b395.00 aKeay J.